Catálogo
 En Linea

El paciente que curó a su terapeuta y otras historias de terapia. / (Registro nro. 35961)

Detalles MARC
000 -CABECERA
campo de control de longitud fija 00678nam a2200193 a 4500
001 - NÚMERO DE CONTROL
campo de control 000036470
005 - FECHA Y HORA DE LA ÚLTIMA TRANSACCIÓN
campo de control 20200930075741.0
008 - DATOS DE LONGITUD FIJA--INFORMACIÓN GENERAL
campo de control de longitud fija 120118s1995 ag 000 0 spa d
020 ## - NÚMERO INTERNACIONAL ESTÁNDAR DEL LIBRO
Número Internacional Estándar del Libro 847953091X
040 ## - FUENTE DE LA CATALOGACIÓN
Centro catalogador/agencia de origen DO-SdBNP
Lengua de catalogación spa
Centro/agencia transcriptor BNPHU
082 ## - NÚMERO DE LA CLASIFICACIÓN DECIMAL DEWEY
Número de clasificación xxxx
Número de documento/Ítem S571
100 1# - ENTRADA PRINCIPAL--NOMBRE DE PERSONA
Nombre de persona Siegel, Stanley
9 (RLIN) 62690
240 13 - TÍTULO UNIFORME
Título uniforme The patient who cured his therapist, and other tales of therapy
Lenguaje de la obra Español
245 13 - MENCIÓN DE TÍTULO
Título El paciente que curó a su terapeuta y otras historias de terapia. /
Mención de responsabilidad, etc. Stanley Siegel, Ed Lowe, Jr.; Marta I. Guastavino.
260 ## - PUBLICACIÓN, DISTRIBUCIÓN, ETC.
Lugar de publicación, distribución, etc. Argentina :
Nombre del editor, distribuidor, etc. Ediciones Urano,
Fecha de publicación, distribución, etc. 1995.
300 ## - DESCRIPCIÓN FÍSICA
Extensión 255 p. ;
Dimensiones 22 cm.
500 ## - NOTA GENERAL
Nota general Traducido del inglés
700 1# - PUNTO DE ACCESO ADICIONAL--NOMBRE DE PERSONA
Nombre de persona Lowe, Ed,
Término indicativo de función/relación tr.
9 (RLIN) 62691
Existencias
Estado de retiro Estado de pérdida Restricciones de uso No para préstamo Código de colección Localización permanente Ubicación/localización actual Ubicación en estantería Fecha de adquisición Número de inventario Total de préstamos Signatura topográfica completa Código de barras Fecha visto por última vez Precio válido a partir de Tipo de ítem Koha
      Excluido de préstamo Monografías: Libros y Folletos General General En catalogación 18.01.2012 LF1   xxxx S571 36471-10 25.06.2020 25.06.2020 No se presta

Con tecnología Koha